Tratado de derecho civil argentino : Derechos reales /
Guardado en:
| Autor Principal: | |
|---|---|
| Formato: | Libro |
| Idioma: | Spanish |
| Publicado: |
Buenos Aires :
Jesús Menéndez,
1934
|
| Etiquetas: |
Agregar Etiqueta
Sin Etiquetas, Sea el primero en etiquetar este registro!
|
| LEADER | 00374nam a22001095a 4500 | ||
|---|---|---|---|
| 001 | DER.der000337 | ||
| 005 | 20160909000000.0 | ||
| 008 | 180615s1934####||||||||||||||||||||spa|| | ||
| 100 | 1 | |a Salvat, Raymundo M. | |
| 245 | 1 | 0 | |a Tratado de derecho civil argentino : |b Derechos reales / |c Raymundo M. Salvat |
| 260 | |a Buenos Aires : |b Jesús Menéndez, |c 1934 | ||
| 859 | |a DERECHO |b BIB. DERECHO |h 346 |i SAL |p 000170 | ||
